Investigación en educación de adultos en América Latina : evolución, estado y resultados /
Guardat en:
| Autor principal: | |
|---|---|
| Format: | Llibre |
| Idioma: | Spanish |
| Publicat: |
Santiago, Chile
UNESCO
1982
|
| Matèries: | |
| Etiquetes: |
Afegir etiqueta
Sense etiquetes, Sigues el primer a etiquetar aquest registre!
|
MARC
| LEADER | 00000nam a22000007a 4500 | ||
|---|---|---|---|
| 003 | cru CIDCACS/IIS | ||
| 005 | 20180312170859.0 | ||
| 008 | 180312b1982 cl |||||||||||||| 0 spa d | ||
| 999 | |c 41126 |d 41126 | ||
| 040 | |c cru CIDCACS/IIS | ||
| 090 | |a 00.00.00 Vxxi | ||
| 100 | 1 | |9 6771 |a Vio Grossi, Francisco | |
| 245 | 1 | 0 | |a Investigación en educación de adultos en América Latina : |b evolución, estado y resultados / |c Francisco Vio Gressi |
| 260 | |a Santiago, Chile |b UNESCO |c 1982 | ||
| 300 | |a 92 páginas | ||
| 500 | |a Colección Alforja | ||
| 650 | 1 | 0 | |9 2541 |a EDUCACION DE ADULTOS |
| 650 | 1 | 0 | |9 237 |a INVESTIGACION SOCIAL |
| 650 | 1 | 0 | |9 1290 |a INVESTIGACION PARTICIPATIVA |
| 650 | 1 | 0 | |9 944 |a EDUCACION |
| 651 | 1 | 0 | |9 17 |a AMERICA LATINA |
| 942 | |2 ddc |c LI | ||
